000 00585nam a22001811a 4500
001 2153
003 OSt
005 20260204211801.0
008 070109s1998||||dr ||||||b||||||||||spa||
050 _aRD 346.074 R299l
110 _aRepública Dominicana
245 _aLey No. 483 sobre ventas condicionales de muebles; Ley no. 86; Ley No.5964 y Ley No. 119 / Editor, Máximo Díaz
264 _aSanto Domingo: Nueva Era
300 _a22 p
650 _a1.Venta a Plazo - Derecho 2.Ley No. 483 2.Ley No. 86 3.Ley No. 5964 4.Ley No. 119
700 _aDíaz, MáximoÌ
942 _2ddc
_cBK
999 _c2153
_d2153